000 01079 a2200241 4500
005 20080904125556.0
008 080904t xxu||||| |||| 00| 0 hin d
010 _aHIN-79887
020 _a8126712171
_c175.00
035 _aHN-52233
037 _bD.B.Act / pub
082 _a
100 _aशर्मा, क्षमा
245 _aनेम प्लेट
_cक्षमा शर्मा
246 _aName Plate
_bby Kshama Sharma
260 _aनई दिल्ली
_bराजकमल प्रकाशन
_c2006
270 _a1-बी, नेताजी सुभाष मार्ग
_bनई दिल्ली
_e110002
300 _a163पृ
_c22 सेमी (सजिल्द)
650 _aहिन्दी कहानियाँ
650 _aHindi Stories
942 _adpl
_cHN
_kक / शर्माक्ष
_2ddc
_h
_mशर्माक्ष
999 _c4072
_d4072